1728 1725 1870 1238 1446 1061 1508 1662 1281 1245 1460 1248 1192 1419 1445 1198 1191 1732 1887 1069 1708 1848 1670 1693 1064 1728 1193 1776 1438 1768 1273 1054 1889 1524 1757 1108 1725 1679 1466 1346 1309 1053 1049 1888 1024 1369 1621 1762 1210 1285 1880 1431 1350 2000 1482 1345 1419 1294 1229 1956 1838 1551 1749 1969 1598 1927 1648 1082 1468 1813 1428 1742 1557 1316 1217 1039 1596 1514 1904 1303 1737 1980 1587 1381 1144 1005 1352 1420 1783 1695 1006 1055 1324 1947 1051 1729 1479 1171 1770 BCNSPRNW ULIB Ver.6.0+V

เปลี่ยนเป็นภาษาไทย

Change to English
 แสดงรายละเอียดบรรณานุกรม
  กลับหน้าหลัก

Brief Record : Get Marc (ISO 2709) : E-mail record : QR code < ปิดหน้าต่าง
LEADER : 00000nam 2200000uu 4500
001    13399122336
003     ULIB
008    130214s2549||||th 000 0 tha d
099    วจ.WT120^bอ857ค
100 0  อมาวสี อัมพันศิริรัตน์ และคณะ
245 00 ความต้องการระบบบริการสุขภาพของผุ้สุงอายุในเขตเทศบาลนครสงขลา^cโดยอมาวสี อัมพันศิริรัตน์ และคณะ
246 0  The Elderly health service system need in Songkhla Municiplity area
260    สงขลา:^bวิทยาลัยพยาบาลบรมราชชนนี สงขลา,^c2549
300    73 หน้า
650  0 ระบบบริการสุขภาพ^xวิจัย
650  0 ผู้สูงอาย^xวิจัย
710 1  วิทยาลัยพยาบาลบรมราชชนนี สงขลา
945    ^p0^l0^i033579
999    ^aเกษร โพธิ์สุวรรณ
รายการนี้ยังไม่มีแท็ก
คุณยังไม่ได้ล็อกอิน คุณสามารถมีกิจกรรมร่วมกับเว็บไซต์ได้ แต่ต้องล็อกอินก่อน ::
  ล็อกอิน

รายการสื่อสารสนเทศ

ลำดับที่ ประเภท เลขเรียก/บาร์โค้ด สถานที่ สถานะ
1. งานวิจัย
งานวิจัย
วจ.WT120 อ857ค  
  Barcode: 033579
ห้องสมุดวิทยาเขตสวรรค์ประชารักษ์
►วิจัย
บนชั้น

BibComment


ยังไม่เคยถูกคอมเมนท์

คอมเมนท์ทรัพยากรรายการนี้
  คอมเมนท์: ความต้องการระบบบร..


 Copyright 2026. Bcnsprnw @Library